Statistics for McAllen Miller International Airport Destinations (McAllen, TX, USA)

Click here to take the quiz!

General Stats

  • This quiz has been taken 11 times
  • The average score is 4 of 6

Answer Stats

AirlineDestination% Correct
American Airlines/American EagleDallas/Fort Worth
100%
United Airlines/United ExpressHouston (Intercontinental)
100%
Allegiant AirLas Vegas
70%
Allegiant AirOrlando/Sanford
70%
Allegiant AirLos Angeles
60%
Allegiant AirNashville
30%

Score Distribution

Percentile by Number Answered

Percent of People with Each Score

Your Score History

You have not taken this quiz